000 00996cam a2200253 4500
008 090401t1994 xxu||||| |||| 00| 0 eng d
020 _a0948890355
035 _a(Sirsi) u40713
041 _aeng
050 _a711.57
110 _aCommittee of Vice-Chancellors and Principals of the Universities of the UK
_93416
245 _aTown and country planning and university estates.
260 _aLondon
_bCVCP
_c1994
300 _a51p. ; 30cm.
350 _a10
520 _aAn investigation of the planning problems encountered by universities in seeking to develop their estates to accommodate the growth in student numbers. Stresses the need for improved dialogue with planning authorities and for the government to issue planning policy guidance on educational developments.
650 _aDEVELOPMENT
650 _aTOWN AND COUNTRY PLANNING
650 _aUNIVERSITIES
650 _aUNIVERSITY ESTATES
690 _aPLANNING LAW AND PRACTICE
942 _n0
948 _c04/03/1997
999 _c90884
_d90884